[Event "Team women final 2016"]
[Site "Sochi"]
[Date "2016.05.04"]
[Round "4.4"]
[White "Baraeva, Marina"]
[Black "Nasybullina, Alfia"]
[Result "1-0"]
[LiveChessVersion "1.4.4"]
[BlackElo "2151"]
[WhiteElo "2208"]
[BlackTeam "Bukavushki"]
[WhiteTeam "University"]

1. c4 {[%clk 1:30:51]} e6 {[%clk 1:30:46]} 2. Nc3 {[%clk 1:28:23]} d5
{[%clk 1:31:05]} 3. cxd5 {[%clk 1:27:35]} exd5 {[%clk 1:31:28]} 4. d4
{[%clk 1:27:59]} c6 {[%clk 1:31:49]} 5. Nf3 {[%clk 1:26:24]} Nf6 {[%clk 1:30:43]}
6. Bg5 {[%clk 1:25:41]} h6 {[%clk 1:29:19]} 7. Bh4 {[%clk 1:25:07]} Bd6
{[%clk 1:27:39]} 8. Qc2 {[%clk 1:22:58]} Nbd7 {[%clk 1:24:11]} 9. e3
{[%clk 1:21:52]} a6 {[%clk 1:22:34]} 10. Bd3 {[%clk 1:20:27]} O-O
{[%clk 1:21:45]} 11. O-O {[%clk 1:19:12]} Qc7 {[%clk 1:16:08]} 12. Rfe1
{[%clk 1:11:45]} Re8 {[%clk 1:13:51]} 13. e4 {[%clk 1:09:37]} dxe4
{[%clk 1:12:52]} 14. Nxe4 {[%clk 1:09:21]} Nxe4 {[%clk 1:00:36]} 15. Bxe4
{[%clk 1:08:36]} Nb6 {[%clk 0:57:27]} 16. Bh7+ {[%clk 0:55:35]} Kf8
{[%clk 0:57:50]} 17. Rxe8+ {[%clk 0:54:46]} Kxe8 {[%clk 0:58:13]} 18. Re1+
{[%clk 0:53:12]} Kf8 {[%clk 0:56:28]} 19. Ne5 {[%clk 0:49:58]} Nd5
{[%clk 0:44:52]} 20. Nxf7 {[%clk 0:37:24]} Bb4 {[%clk 0:28:27]} 21. Ne5
{[%clk 0:29:11]} Qd6 {[%clk 0:02:41]} 22. Re2 {[%clk 0:16:12]} Nf4
{[%clk 0:01:47]} 23. Ng6+ {[%clk 0:16:06]} Nxg6 {[%clk 0:02:09]} 24. Bxg6
{[%clk 0:16:30]} Bd7 {[%clk 0:00:44]} 25. a3 {[%clk 0:11:05]} Qxd4
{[%clk 0:01:01]} 26. Qb3 {[%clk 0:08:25]} Be8 {[%clk 0:00:47]} 27. Rxe8+
{[%clk 0:08:00]} Rxe8 {[%clk 0:01:11]} 28. Qf7# {[%clk 0:08:26]} 1-0

[Event "Team women final 2016"]
[Site "Sochi"]
[Date "2016.05.04"]
[Round "4.6"]
[White "Lagno, Kateryna"]
[Black "Tomilova, Elena"]
[Result "1/2-1/2"]
[LiveChessVersion "1.4.4"]
[BlackElo "2305"]
[WhiteElo "2529"]
[BlackTeam "Boavishta"]
[WhiteTeam "Legacy"]

1. e4 {[%clk 1:30:52]} e6 {[%clk 1:30:53]} 2. d4 {[%clk 1:31:10]} d5
{[%clk 1:31:18]} 3. Nc3 {[%clk 1:31:32]} Nf6 {[%clk 1:31:41]} 4. e5
{[%clk 1:31:46]} Nfd7 {[%clk 1:32:05]} 5. f4 {[%clk 1:32:08]} c5 {[%clk 1:32:31]}
6. Nf3 {[%clk 1:32:34]} Nc6 {[%clk 1:32:55]} 7. Be3 {[%clk 1:32:58]} cxd4
{[%clk 1:33:20]} 8. Nxd4 {[%clk 1:33:11]} Bc5 {[%clk 1:33:40]} 9. Qd2
{[%clk 1:33:20]} O-O {[%clk 1:33:55]} 10. O-O-O {[%clk 1:33:17]} Bxd4
{[%clk 1:34:18]} 11. Bxd4 {[%clk 1:33:36]} a6 {[%clk 1:34:42]} 12. Bf2
{[%clk 1:23:20]} b5 {[%clk 1:34:39]} 13. Bd3 {[%clk 1:23:27]} b4 {[%clk 1:33:46]}
14. Ne2 {[%clk 1:20:28]} a5 {[%clk 1:33:12]} 15. h4 {[%clk 1:17:33]} Ba6
{[%clk 1:32:32]} 16. Kb1 {[%clk 1:13:19]} a4 {[%clk 1:30:03]} 17. Nd4
{[%clk 1:07:52]} Nxd4 {[%clk 1:21:55]} 18. Bxd4 {[%clk 1:08:13]} Qa5
{[%clk 1:21:00]} 19. f5 {[%clk 1:06:34]} Bxd3 {[%clk 1:18:52]} 20. Qxd3
{[%clk 1:02:44]} Nc5 {[%clk 1:16:49]} 21. Bxc5 {[%clk 0:59:25]} Qxc5
{[%clk 1:17:09]} 22. f6 {[%clk 0:58:43]} gxf6 {[%clk 1:13:52]} 23. exf6
{[%clk 0:55:06]} Kh8 {[%clk 1:14:14]} 24. g4 {[%clk 0:32:36]} Rfc8
{[%clk 1:06:22]} 25. Rd2 {[%clk 0:25:36]} Ra5 {[%clk 0:48:28]} 26. g5
{[%clk 0:21:39]} a3 {[%clk 0:45:50]} 27. b3 {[%clk 0:19:07]} Qc3 {[%clk 0:45:22]}
28. Qxc3 {[%clk 0:15:10]} bxc3 {[%clk 0:36:37]} 29. Re2 {[%clk 0:13:11]} d4
{[%clk 0:35:56]} 30. Re4 {[%clk 0:10:14]} Rd8 {[%clk 0:35:24]} 31. Rd1
{[%clk 0:08:28]} Rf5 {[%clk 0:34:39]} 32. Kc1 {[%clk 0:07:58]} e5
{[%clk 0:33:30]} 33. Rde1 {[%clk 0:08:15]} Rd5 {[%clk 0:33:38]} 34. Kd1
{[%clk 0:08:15]} h6 {[%clk 0:30:51]} 35. Ke2 {[%clk 0:08:03]} Kh7
{[%clk 0:29:02]} 36. Kd3 {[%clk 0:07:16]} hxg5 {[%clk 0:29:12]} 37. hxg5
{[%clk 0:06:08]} Rxg5 {[%clk 0:29:23]} 38. Kc4 {[%clk 0:05:12]} Rd8
{[%clk 0:28:44]} 39. Rxe5 {[%clk 0:04:32]} Rxe5 {[%clk 0:28:13]} 40. Rxe5
{[%clk 0:35:00]} d3 {[%clk 0:57:44]} 41. Re1 {[%clk 0:35:15]} d2 {[%clk 0:57:23]}
42. Rd1 {[%clk 0:35:41]} Rc8+ {[%clk 0:57:37]} 43. Kd4 {[%clk 0:35:06]} Kg6
{[%clk 0:56:40]} 44. b4 {[%clk 0:35:16]} Kxf6 {[%clk 0:42:58]} 45. b5
{[%clk 0:35:40]} Ke6 {[%clk 0:42:40]} 46. b6 {[%clk 0:35:56]} f5 {[%clk 0:40:29]}
47. b7 {[%clk 0:33:00]} Rb8 {[%clk 0:40:48]} 48. Kxc3 {[%clk 0:33:20]} Rxb7
{[%clk 0:41:14]} 49. Rxd2 {[%clk 0:16:53]} Rb2 {[%clk 0:41:21]} 50. Re2+
{[%clk 0:08:26]} Kf6 {[%clk 0:41:03]} 51. Re1 {[%clk 0:07:11]} f4
{[%clk 0:37:33]} 52. Kd3 {[%clk 0:06:09]} Kf5 {[%clk 0:36:23]} 53. c4
{[%clk 0:02:46]} Rxa2 {[%clk 0:29:16]} 54. c5 {[%clk 0:03:15]} Rh2
{[%clk 0:29:10]} 55. c6 {[%clk 0:03:34]} a2 {[%clk 0:24:52]} 56. c7
{[%clk 0:02:56]} Rh8 {[%clk 0:25:11]} 57. Ra1 {[%clk 0:03:21]} Rc8
{[%clk 0:25:23]} 58. Rxa2 {[%clk 0:03:36]} Rxc7 {[%clk 0:25:50]} 59. Ke2
{[%clk 0:03:57]} Rh7 {[%clk 0:25:43]} 60. Ra3 {[%clk 0:04:08]} Kg4
{[%clk 0:25:15]} 61. Kf2 {[%clk 0:04:27]} Rh2+ {[%clk 0:25:26]} 62. Kf1
{[%clk 0:04:47]} Rc2 {[%clk 0:25:42]} 63. Rb3 {[%clk 0:05:08]} Ra2
{[%clk 0:24:42]} 64. Rc3 {[%clk 0:05:34]} f3 {[%clk 0:25:07]} 65. Rc8
{[%clk 0:05:57]} Ra1+ {[%clk 0:25:19]} 66. Kf2 {[%clk 0:06:22]} Ra2+
{[%clk 0:25:44]} 67. Kf1 {[%clk 0:06:50]} 1/2-1/2

[Event "Team women final 2016"]
[Site "Sochi"]
[Date "2016.05.04"]
[Round "4.7"]
[White "Drozdova, Dina"]
[Black "Kovalevskaya, Ekaterina"]
[Result "1/2-1/2"]
[LiveChessVersion "1.4.4"]
[BlackElo "2467"]
[WhiteElo "2235"]
[BlackTeam "Legacy"]
[WhiteTeam "Boavishta"]

1. d4 {[%clk 1:30:49]} Nf6 {[%clk 1:30:44]} 2. c4 {[%clk 1:30:54]} c5
{[%clk 1:30:57]} 3. e3 {[%clk 1:30:40]} e6 {[%clk 1:29:52]} 4. Nf3
{[%clk 1:30:54]} d5 {[%clk 1:30:15]} 5. Nc3 {[%clk 1:30:19]} Nc6 {[%clk 1:30:37]}
6. a3 {[%clk 1:29:31]} a6 {[%clk 1:30:18]} 7. dxc5 {[%clk 1:28:22]} Bxc5
{[%clk 1:28:43]} 8. b4 {[%clk 1:28:07]} Bd6 {[%clk 1:28:27]} 9. Bb2
{[%clk 1:26:21]} O-O {[%clk 1:27:43]} 10. Rc1 {[%clk 1:16:04]} dxc4
{[%clk 1:11:18]} 11. Bxc4 {[%clk 1:16:03]} b5 {[%clk 1:10:31]} 12. Be2
{[%clk 1:11:26]} Bb7 {[%clk 1:07:54]} 13. O-O {[%clk 1:11:05]} Rc8
{[%clk 0:58:58]} 14. Rc2 {[%clk 1:06:48]} Qe7 {[%clk 0:51:22]} 15. Nb1
{[%clk 0:47:34]} Rfd8 {[%clk 0:37:07]} 16. Nbd2 {[%clk 0:41:30]} Bb8
{[%clk 0:27:34]} 17. Qb1 {[%clk 0:29:00]} Na7 {[%clk 0:21:10]} 18. Bd4
{[%clk 0:21:30]} Rxc2 {[%clk 0:15:35]} 19. Qxc2 {[%clk 0:21:34]} Nc6
{[%clk 0:10:45]} 20. Bb2 {[%clk 0:16:14]} Na7 {[%clk 0:08:17]} 21. Bd4
{[%clk 0:14:39]} Nc6 {[%clk 0:08:44]} 22. Bb2 {[%clk 0:15:01]} Na7
{[%clk 0:09:10]} 23. Bd4 {[%clk 0:14:57]} 1/2-1/2

[Event "Team women final 2016"]
[Site "Sochi"]
[Date "2016.05.04"]
[Round "4.8"]
[White "Kashlinskaya, Alina"]
[Black "Fatianova, Tatiana"]
[Result "1/2-1/2"]
[LiveChessVersion "1.4.4"]
[BlackElo "2225"]
[WhiteElo "2466"]
[BlackTeam "Boavishta"]
[WhiteTeam "Legacy"]

1. d4 {[%clk 1:30:57]} Nc6 {[%clk 1:30:51]} 2. d5 {[%clk 1:31:20]} Nb8
{[%clk 1:30:50]} 3. e4 {[%clk 1:31:36]} d6 {[%clk 1:31:15]} 4. c4
{[%clk 1:31:44]} Nf6 {[%clk 1:30:41]} 5. Nc3 {[%clk 1:32:06]} g6 {[%clk 1:31:03]}
6. Bd3 {[%clk 1:30:33]} Bg7 {[%clk 1:31:08]} 7. h3 {[%clk 1:30:49]} e5
{[%clk 1:26:16]} 8. Nf3 {[%clk 1:28:53]} O-O {[%clk 1:22:56]} 9. Bg5
{[%clk 1:08:55]} h6 {[%clk 1:11:08]} 10. Be3 {[%clk 1:09:06]} Ne8
{[%clk 1:00:17]} 11. Qd2 {[%clk 1:06:16]} Kh7 {[%clk 0:59:54]} 12. Bc2
{[%clk 0:57:18]} Nd7 {[%clk 0:44:17]} 13. Qe2 {[%clk 0:52:51]} a5
{[%clk 0:34:53]} 14. Nd2 {[%clk 0:50:18]} Nc5 {[%clk 0:29:04]} 15. g4
{[%clk 0:43:12]} Bd7 {[%clk 0:22:00]} 16. h4 {[%clk 0:36:36]} Qc8
{[%clk 0:17:29]} 17. Rg1 {[%clk 0:36:00]} Qd8 {[%clk 0:16:19]} 18. h5
{[%clk 0:31:33]} Bf6 {[%clk 0:11:04]} 19. Rh1 {[%clk 0:26:27]} g5
{[%clk 0:06:49]} 20. f3 {[%clk 0:26:08]} Be7 {[%clk 0:05:01]} 21. Kf2
{[%clk 0:26:17]} c6 {[%clk 0:03:57]} 22. Nf1 {[%clk 0:25:17]} Qb8
{[%clk 0:03:15]} 23. Rd1 {[%clk 0:22:31]} Na6 {[%clk 0:03:14]} 24. Ba4
{[%clk 0:20:05]} Qc8 {[%clk 0:02:27]} 25. Ng3 {[%clk 0:16:34]} c5
{[%clk 0:01:59]} 26. Rb1 {[%clk 0:16:23]} Ng7 {[%clk 0:01:13]} 27. a3
{[%clk 0:15:54]} Qc7 {[%clk 0:01:07]} 28. Qc2 {[%clk 0:14:17]} Rfb8
{[%clk 0:00:55]} 29. Kg2 {[%clk 0:11:53]} Qc8 {[%clk 0:01:04]} 30. Bd2
{[%clk 0:10:08]} Bd8 {[%clk 0:00:54]} 31. Nb5 {[%clk 0:09:55]} Bc7
{[%clk 0:00:36]} 32. Bc3 {[%clk 0:08:14]} f6 {[%clk 0:01:01]} 33. Ne2
{[%clk 0:05:22]} Ne8 {[%clk 0:01:05]} 34. Kg3 {[%clk 0:04:10]} Bd8
{[%clk 0:01:27]} 35. Nc1 {[%clk 0:04:06]} Nac7 {[%clk 0:01:05]} 36. Bd2
{[%clk 0:02:48]} Nxb5 {[%clk 0:01:06]} 37. Bxb5 {[%clk 0:03:11]} Bxb5
{[%clk 0:00:53]} 38. cxb5 {[%clk 0:03:40]} Qd7 {[%clk 0:00:53]} 39. Qc4
{[%clk 0:03:19]} Nc7 {[%clk 0:00:55]} 40. a4 {[%clk 0:33:00]} b6 {[%clk 0:31:17]}
41. Nd3 {[%clk 0:32:59]} Ne8 {[%clk 0:26:37]} 42. b3 {[%clk 0:33:02]} Rc8
{[%clk 0:25:46]} 43. Nb2 {[%clk 0:32:51]} Qb7 {[%clk 0:25:43]} 44. Qd3
{[%clk 0:32:52]} Qd7 {[%clk 0:25:55]} 45. Nc4 {[%clk 0:32:37]} Qb7
{[%clk 0:26:14]} 46. Kf2 {[%clk 0:32:03]} Qd7 {[%clk 0:19:08]} 47. Ke2
{[%clk 0:31:15]} Rab8 {[%clk 0:17:39]} 48. Kd1 {[%clk 0:31:20]} Kh8
{[%clk 0:17:14]} 49. Kc2 {[%clk 0:31:29]} Rb7 {[%clk 0:17:18]} 50. Rbf1
{[%clk 0:31:24]} Qh7 {[%clk 0:17:08]} 51. Bc3 {[%clk 0:31:27]} Ra8
{[%clk 0:16:49]} 52. Rhg1 {[%clk 0:31:26]} Re7 {[%clk 0:15:53]} 53. Kb2
{[%clk 0:30:49]} Qf7 {[%clk 0:15:37]} 54. Bd2 {[%clk 0:29:49]} Qh7
{[%clk 0:15:20]} 55. Qc3 {[%clk 0:29:31]} Qg7 {[%clk 0:15:28]} 56. Ne3
{[%clk 0:29:32]} Rd7 {[%clk 0:14:34]} 57. Nf5 {[%clk 0:28:46]} Qh7
{[%clk 0:12:41]} 58. Ng3 {[%clk 0:11:20]} 1/2-1/2

[Event "Team women final 2016"]
[Site "Sochi"]
[Date "2016.05.04"]
[Round "4.9"]
[White "Galliamova, Alisa"]
[Black "Maltsevskaya, Aleksandra"]
[Result "1-0"]
[LiveChessVersion "1.4.4"]
[BlackElo "2252"]
[WhiteElo "2475"]
[BlackTeam "Donchanka"]
[WhiteTeam "Ladya"]

1. d4 {[%clk 1:30:56]} Nf6 {[%clk 1:30:50]} 2. c4 {[%clk 1:30:50]} g6
{[%clk 1:31:12]} 3. g3 {[%clk 1:30:39]} d5 {[%clk 1:30:01]} 4. cxd5
{[%clk 1:25:27]} Qxd5 {[%clk 1:27:35]} 5. Nf3 {[%clk 1:23:48]} Bg7
{[%clk 1:21:20]} 6. Bg2 {[%clk 1:20:32]} O-O {[%clk 1:20:02]} 7. Nc3
{[%clk 1:19:27]} Qh5 {[%clk 1:20:19]} 8. h3 {[%clk 1:15:40]} h6 {[%clk 1:17:37]}
9. d5 {[%clk 1:12:10]} Qf5 {[%clk 1:11:04]} 10. Nd4 {[%clk 1:09:37]} Qd7
{[%clk 1:08:44]} 11. O-O {[%clk 1:09:38]} c6 {[%clk 1:06:24]} 12. dxc6
{[%clk 0:51:24]} Nxc6 {[%clk 1:04:32]} 13. Nxc6 {[%clk 0:51:32]} bxc6
{[%clk 1:04:55]} 14. Qc2 {[%clk 0:49:25]} Ba6 {[%clk 0:57:27]} 15. Rd1
{[%clk 0:46:50]} Qe6 {[%clk 0:56:24]} 16. Be3 {[%clk 0:43:57]} Rfd8
{[%clk 0:50:05]} 17. Qa4 {[%clk 0:36:23]} Rxd1+ {[%clk 0:48:41]} 18. Rxd1
{[%clk 0:36:42]} Bb7 {[%clk 0:48:59]} 19. Qb4 {[%clk 0:35:51]} Ba6
{[%clk 0:47:06]} 20. Qc5 {[%clk 0:35:09]} Bb7 {[%clk 0:44:45]} 21. Qb4
{[%clk 0:35:17]} Ba6 {[%clk 0:44:50]} 22. Qa5 {[%clk 0:34:42]} Bc4
{[%clk 0:28:23]} 23. b3 {[%clk 0:33:29]} Bd5 {[%clk 0:28:17]} 24. Nxd5
{[%clk 0:33:44]} cxd5 {[%clk 0:28:37]} 25. Bxd5 {[%clk 0:32:41]} Nxd5
{[%clk 0:26:24]} 26. Qxd5 {[%clk 0:33:02]} Qc8 {[%clk 0:26:39]} 27. Rc1
{[%clk 0:26:21]} Qe8 {[%clk 0:26:27]} 28. Rc7 {[%clk 0:24:43]} Rd8
{[%clk 0:21:02]} 29. Qb7 {[%clk 0:23:57]} Bf6 {[%clk 0:19:33]} 30. Bxa7
{[%clk 0:18:40]} Kg7 {[%clk 0:19:07]} 31. Kg2 {[%clk 0:15:57]} h5
{[%clk 0:17:38]} 32. Bc5 {[%clk 0:13:33]} e5 {[%clk 0:15:23]} 33. Qc6
{[%clk 0:11:14]} Qg8 {[%clk 0:15:03]} 34. a4 {[%clk 0:09:38]} h4 {[%clk 0:15:07]}
35. g4 {[%clk 0:09:52]} g5 {[%clk 0:11:44]} 36. Qe4 {[%clk 0:06:47]} Qe8
{[%clk 0:11:34]} 37. a5 {[%clk 0:05:51]} Qe6 {[%clk 0:10:46]} 38. Qc4
{[%clk 0:05:55]} Qe8 {[%clk 0:09:06]} 39. e4 {[%clk 0:05:52]} Rd1
{[%clk 0:07:40]} 40. a6 {[%clk 0:35:19]} Bd8 {[%clk 0:36:25]} 41. Rb7
{[%clk 0:35:07]} Kg6 {[%clk 0:33:50]} 42. a7 {[%clk 0:34:17]} Ra1
{[%clk 0:34:08]} 43. Qd5 {[%clk 0:33:46]} Ra6 {[%clk 0:33:04]} 44. Rb8
{[%clk 0:33:10]} 1-0

[Event "Team women final 2016"]
[Site "Sochi"]
[Date "2016.05.04"]
[Round "4.10"]
[White "Sukhareva, Evgeniya"]
[Black "Ambartsumova, Karina"]
[Result "0-1"]
[LiveChessVersion "1.4.4"]
[BlackElo "2307"]
[WhiteElo "2176"]
[BlackTeam "Ladya"]
[WhiteTeam "Donchanka"]

1. d4 {[%clk 1:30:55]} Nf6 {[%clk 1:30:34]} 2. c4 {[%clk 1:31:09]} e6
{[%clk 1:30:42]} 3. Nf3 {[%clk 1:31:06]} d5 {[%clk 1:30:37]} 4. Bg5
{[%clk 1:28:06]} Bb4+ {[%clk 1:29:35]} 5. Nc3 {[%clk 1:22:29]} Nbd7
{[%clk 1:25:50]} 6. e3 {[%clk 1:15:44]} c5 {[%clk 1:18:21]} 7. Qb3
{[%clk 0:47:49]} Qa5 {[%clk 1:10:56]} 8. Rc1 {[%clk 0:47:07]} Ne4
{[%clk 0:55:49]} 9. Bf4 {[%clk 0:40:37]} O-O {[%clk 0:40:21]} 10. a3
{[%clk 0:32:28]} Bxc3+ {[%clk 0:39:22]} 11. bxc3 {[%clk 0:32:49]} Nb6
{[%clk 0:35:32]} 12. dxc5 {[%clk 0:20:21]} Nxc4 {[%clk 0:11:01]} 13. Bxc4
{[%clk 0:17:41]} dxc4 {[%clk 0:11:29]} 14. Qxc4 {[%clk 0:17:08]} Nxc5
{[%clk 0:11:47]} 15. Bd6 {[%clk 0:04:56]} b6 {[%clk 0:11:58]} 16. Bxc5
{[%clk 0:04:46]} Qxc5 {[%clk 0:02:27]} 17. Qxc5 {[%clk 0:04:55]} bxc5
{[%clk 0:02:56]} 18. O-O {[%clk 0:05:03]} Rb8 {[%clk 0:02:56]} 19. Rb1
{[%clk 0:01:05]} Bd7 {[%clk 0:03:14]} 20. Rfd1 {[%clk 0:00:39]} Ba4
{[%clk 0:03:36]} 21. Re1 {[%clk 0:00:36]} f6 {[%clk 0:03:22]} 22. h3
{[%clk 0:00:37]} Rfd8 {[%clk 0:01:57]} 23. Rec1 {[%clk 0:00:37]} Kf7
{[%clk 0:01:36]} 24. Kf1 {[%clk 0:00:34]} e5 {[%clk 0:01:17]} 25. Ke1
{[%clk 0:00:45]} Bc6 {[%clk 0:01:18]} 26. Kf1 {[%clk 0:00:33]} Be4
{[%clk 0:00:43]} 27. Rxb8 {[%clk 0:00:43]} Rxb8 {[%clk 0:01:11]} 28. Nd2
{[%clk 0:00:32]} Bd3+ {[%clk 0:01:31]} 29. Ke1 {[%clk 0:00:52]} c4
{[%clk 0:00:53]} 30. f3 {[%clk 0:00:34]} Rb2 {[%clk 0:01:14]} 31. Ra1
{[%clk 0:00:39]} Rc2 {[%clk 0:00:52]} 32. Kd1 {[%clk 0:00:49]} Rxc3
{[%clk 0:00:58]} 33. Ra2 {[%clk 0:01:12]} Ke6 {[%clk 0:00:40]} 34. a4
{[%clk 0:01:04]} a5 {[%clk 0:00:44]} 35. g4 {[%clk 0:00:42]} Kd6 {[%clk 0:00:41]}
36. Ra1 {[%clk 0:00:33]} Kc5 {[%clk 0:00:48]} 37. h4 {[%clk 0:00:33]} Kb4
{[%clk 0:00:52]} 38. Ra2 {[%clk 0:00:31]} Ra3 {[%clk 0:00:55]} 39. Rxa3
{[%clk 0:00:33]} Kxa3 {[%clk 0:01:20]} 40. f4 {[%clk 0:30:32]} e4
{[%clk 0:30:53]} 41. Kc1 {[%clk 0:29:23]} c3 {[%clk 0:29:45]} 42. Nb1+
{[%clk 0:29:35]} Bxb1 {[%clk 0:29:13]} 43. Kxb1 {[%clk 0:30:00]} Kxa4
{[%clk 0:29:40]} 44. Kc2 {[%clk 0:30:22]} Kb4 {[%clk 0:30:07]} 0-1

[Event "Team women final 2016"]
[Site "Sochi"]
[Date "2016.05.04"]
[Round "4.11"]
[White "Khazieva, Elza"]
[Black "Assaubayeva, Bibisara"]
[Result "1/2-1/2"]
[LiveChessVersion "1.4.4"]
[BlackElo "2141"]
[WhiteElo "2147"]
[BlackTeam "Donchanka"]
[WhiteTeam "Ladya"]

1. e4 {[%clk 1:30:59]} e5 {[%clk 1:30:50]} 2. Nf3 {[%clk 1:31:21]} Nc6
{[%clk 1:31:11]} 3. Bc4 {[%clk 1:31:44]} Bc5 {[%clk 1:31:31]} 4. c3
{[%clk 1:31:42]} Nf6 {[%clk 1:31:46]} 5. d4 {[%clk 1:30:59]} exd4
{[%clk 1:32:05]} 6. e5 {[%clk 1:31:24]} d5 {[%clk 1:32:23]} 7. Bb5
{[%clk 1:31:50]} Ne4 {[%clk 1:32:16]} 8. cxd4 {[%clk 1:32:10]} Bb6
{[%clk 1:32:24]} 9. Nc3 {[%clk 1:31:53]} O-O {[%clk 1:32:36]} 10. Be3
{[%clk 1:30:35]} Bg4 {[%clk 1:31:57]} 11. Qc2 {[%clk 1:28:27]} Bf5
{[%clk 1:26:26]} 12. Qb3 {[%clk 1:27:54]} Ne7 {[%clk 1:25:17]} 13. O-O
{[%clk 1:26:38]} c6 {[%clk 1:20:20]} 14. Be2 {[%clk 1:26:07]} Ng6
{[%clk 1:12:52]} 15. Rad1 {[%clk 1:08:08]} f6 {[%clk 1:05:19]} 16. Nxe4
{[%clk 0:59:29]} Bxe4 {[%clk 1:05:43]} 17. Nd2 {[%clk 0:56:11]} Bf5
{[%clk 1:05:26]} 18. f4 {[%clk 0:54:37]} fxe5 {[%clk 1:02:02]} 19. fxe5
{[%clk 0:54:01]} Qe7 {[%clk 0:55:24]} 20. Nf3 {[%clk 0:43:34]} Kh8
{[%clk 0:50:47]} 21. Kh1 {[%clk 0:39:43]} h6 {[%clk 0:43:55]} 22. Bd3
{[%clk 0:31:50]} Qe6 {[%clk 0:37:45]} 23. Qc2 {[%clk 0:26:10]} Bxd3
{[%clk 0:30:58]} 24. Qxd3 {[%clk 0:25:27]} Rf7 {[%clk 0:30:52]} 25. b4
{[%clk 0:19:28]} Raf8 {[%clk 0:30:08]} 26. a4 {[%clk 0:17:31]} Nf4
{[%clk 0:23:51]} 27. Bxf4 {[%clk 0:14:29]} Rxf4 {[%clk 0:24:19]} 28. a5
{[%clk 0:10:37]} Bd8 {[%clk 0:24:12]} 29. Rf2 {[%clk 0:02:28]} a6
{[%clk 0:23:22]} 30. Rdf1 {[%clk 0:01:40]} Be7 {[%clk 0:19:56]} 31. Qd2
{[%clk 0:01:27]} g5 {[%clk 0:16:27]} 32. Kg1 {[%clk 0:01:40]} Kg7
{[%clk 0:13:01]} 33. g3 {[%clk 0:00:56]} R4f7 {[%clk 0:11:51]} 34. Kg2
{[%clk 0:00:43]} Rf5 {[%clk 0:05:12]} 35. Ne1 {[%clk 0:00:54]} Rxf2+
{[%clk 0:05:13]} 36. Rxf2 {[%clk 0:01:23]} Rxf2+ {[%clk 0:05:42]} 37. Kxf2
{[%clk 0:00:52]} Qf5+ {[%clk 0:05:55]} 38. Kg2 {[%clk 0:00:46]} Qe4+
{[%clk 0:06:07]} 39. Kf2 {[%clk 0:00:58]} Qf5+ {[%clk 0:03:44]} 40. Kg2
{[%clk 0:31:08]} Qe4+ {[%clk 0:33:07]} 41. Kf2 {[%clk 0:31:11]} h5
{[%clk 0:25:56]} 42. Ng2 {[%clk 0:18:54]} Kg6 {[%clk 0:25:12]} 1/2-1/2

[Event "Team women final 2016"]
[Site "Sochi"]
[Date "2016.05.04"]
[Round "4.12"]
[White "Petrova, Olga"]
[Black "Markelova, Lubov"]
[Result "1/2-1/2"]
[LiveChessVersion "1.4.4"]
[BlackElo "2059"]
[WhiteElo "2163"]
[BlackTeam "Ladya"]
[WhiteTeam "Donchanka"]

1. e4 {[%clk 1:30:56]} e6 {[%clk 1:30:54]} 2. d4 {[%clk 1:31:14]} d5
{[%clk 1:31:21]} 3. Nc3 {[%clk 1:31:33]} Nf6 {[%clk 1:31:44]} 4. Bg5
{[%clk 1:31:44]} dxe4 {[%clk 1:31:41]} 5. Nxe4 {[%clk 1:31:59]} Nbd7
{[%clk 1:31:41]} 6. Nf3 {[%clk 1:31:42]} h6 {[%clk 1:31:44]} 7. Bxf6
{[%clk 1:31:17]} Nxf6 {[%clk 1:31:53]} 8. Nxf6+ {[%clk 1:31:20]} Qxf6
{[%clk 1:32:17]} 9. c3 {[%clk 1:30:40]} Bd6 {[%clk 1:29:27]} 10. g3
{[%clk 1:28:15]} O-O {[%clk 1:20:58]} 11. Bg2 {[%clk 1:26:03]} e5
{[%clk 1:17:49]} 12. O-O {[%clk 1:25:43]} Bg4 {[%clk 1:15:16]} 13. dxe5
{[%clk 1:22:21]} Bxe5 {[%clk 1:15:03]} 14. Qd5 {[%clk 1:18:09]} Bxf3
{[%clk 1:13:43]} 15. Qxf3 {[%clk 1:18:32]} Qxf3 {[%clk 1:12:46]} 16. Bxf3
{[%clk 1:18:53]} c6 {[%clk 1:12:41]} 17. Rfe1 {[%clk 1:18:29]} Bf6
{[%clk 1:12:34]} 18. a4 {[%clk 1:14:13]} a5 {[%clk 1:07:43]} 19. Ra3
{[%clk 1:13:00]} Rfe8 {[%clk 1:02:50]} 20. Kf1 {[%clk 1:11:25]} Rxe1+
{[%clk 0:55:52]} 21. Kxe1 {[%clk 1:11:48]} Re8+ {[%clk 0:56:00]} 22. Be2
{[%clk 1:11:37]} Kf8 {[%clk 0:48:35]} 23. Kd2 {[%clk 1:10:29]} Re7
{[%clk 0:43:34]} 24. h4 {[%clk 1:08:13]} Ke8 {[%clk 0:42:44]} 25. Bc4
{[%clk 1:06:51]} Kd8 {[%clk 0:33:55]} 26. Ra1 {[%clk 1:05:37]} Kd7
{[%clk 0:30:57]} 27. Kc2 {[%clk 1:05:44]} Be5 {[%clk 0:30:30]} 28. Rd1+
{[%clk 1:04:49]} Bd6 {[%clk 0:30:03]} 29. b4 {[%clk 0:55:23]} axb4
{[%clk 0:25:58]} 30. cxb4 {[%clk 0:55:45]} Kc7 {[%clk 0:25:52]} 31. Kc3
{[%clk 0:54:48]} f6 {[%clk 0:24:53]} 32. h5 {[%clk 0:52:02]} Re5 {[%clk 0:23:18]}
33. g4 {[%clk 0:47:03]} Re4 {[%clk 0:22:55]} 34. f3 {[%clk 0:46:48]} Rf4
{[%clk 0:18:02]} 35. Rd3 {[%clk 0:43:26]} f5 {[%clk 0:16:23]} 36. b5
{[%clk 0:43:16]} cxb5 {[%clk 0:14:28]} 37. axb5 {[%clk 0:43:06]} Be5+
{[%clk 0:13:41]} 38. Kb3 {[%clk 0:43:14]} fxg4 {[%clk 0:13:10]} 39. fxg4
{[%clk 0:42:41]} Rxg4 {[%clk 0:12:31]} 40. Bf7 {[%clk 1:12:11]} Rg3
{[%clk 0:40:00]} 41. Rxg3 {[%clk 1:12:25]} Bxg3 {[%clk 0:40:26]} 42. Kc4
{[%clk 1:12:23]} b6 {[%clk 0:39:58]} 1/2-1/2